Catálogo
 En Linea

Las mejores fábulas de todos los tiempos : (Registro nro. 34144)

Detalles MARC
000 -CABECERA
campo de control de longitud fija 00649nam a2200193 a 4500
001 - NÚMERO DE CONTROL
campo de control 000034653
005 - FECHA Y HORA DE LA ÚLTIMA TRANSACCIÓN
campo de control 20200930073823.0
008 - DATOS DE LONGITUD FIJA--INFORMACIÓN GENERAL
campo de control de longitud fija 111012s2008 ag 000 0 spa d
020 ## - NÚMERO INTERNACIONAL ESTÁNDAR DEL LIBRO
Número Internacional Estándar del Libro 9789875504110
040 ## - FUENTE DE LA CATALOGACIÓN
Centro catalogador/agencia de origen DO-SdBNP
Lengua de catalogación spa
Centro/agencia transcriptor BNPHU
082 ## - NÚMERO DE LA CLASIFICACIÓN DECIMAL DEWEY
Número de clasificación xxxx
Número de documento/Ítem M516m
245 04 - MENCIÓN DE TÍTULO
Título Las mejores fábulas de todos los tiempos :
Resto del título versiones completa /
Mención de responsabilidad, etc. Esopo ...[et al.]; prólogo y selección Nerio Tello.
260 ## - PUBLICACIÓN, DISTRIBUCIÓN, ETC.
Lugar de publicación, distribución, etc. Buenos Aires :
Nombre del editor, distribuidor, etc. Longseller,
Fecha de publicación, distribución, etc. 2008.
300 ## - DESCRIPCIÓN FÍSICA
Extensión 204 p. ;
Dimensiones 18 cm.
490 1# - MENCIÓN DE SERIE
Mención de serie Clásicos de siempre
700 1# - PUNTO DE ACCESO ADICIONAL--NOMBRE DE PERSONA
Nombre de persona Esopo,
Fechas asociadas al nombre 620-550 a. de C.
9 (RLIN) 60046
700 1# - PUNTO DE ACCESO ADICIONAL--NOMBRE DE PERSONA
Nombre de persona Tello, Nerio,
Término indicativo de función/relación pról.
9 (RLIN) 60090
830 #0 - PUNTO DE ACCESO ADICIONAL DE SERIE-TÍTULO UNIFORME
Título uniforme Clásicos de siempre
9 (RLIN) 60025
Existencias
Estado de retiro Estado de pérdida Restricciones de uso No para préstamo Código de colección Localización permanente Ubicación/localización actual Ubicación en estantería Fecha de adquisición Número de inventario Total de préstamos Signatura topográfica completa Código de barras Fecha visto por última vez Precio válido a partir de Tipo de ítem Koha Número de copia
      Excluido de préstamo Monografías: Libros y Folletos General General En catalogación 12.10.2011 LF1   xxxx M516m 34653-10 25.06.2020 25.06.2020 No se presta  
      Excluido de préstamo Monografías: Libros y Folletos General General En catalogación 12.10.2011 LF1   xxxx M516m 34653-20 25.06.2020 25.06.2020 No se presta e. 2
      Excluido de préstamo Monografías: Libros y Folletos General General En catalogación 12.10.2011 LF1   xxxx M516m 34653-30 25.06.2020 25.06.2020 No se presta e. 3

Con tecnología Koha